000 02143nab a2200265 a 4500
005 20240530063812.0
008 991125c2019 cl fr p o 000 0 spa d
035 _aUPN01000231912
040 _aMX-MxUPN
_bspa
_cMX-MxUPN
_eaacr2
049 _aART-E
100 1 _aPugh, Gerald
_6- gerald.pugh@unab.cl
100 1 _aLozano Rodríguez, Armando
245 1 3 _aEl desarrollo de competencias genéricas en la educación técnica de nivel superior: un estudio de caso
_h[recurso electrónico en línea]
506 0 _aAcceso abierto
520 3 _aEste estudio pretende mejorar la comprensión del proceso de desarrollo de competencias genéricas en estudiantes de carreras técnicas de nivel superior, mediante la percepción de los propios estudiantes. Por medio de un estudio cualitativo de caso de tipo fenomenológico, se realizó un seguimiento durante tres años a ocho estudiantes de carreras técnicas de un centro de formación técnica que concentra una proporción relevante de la matrícula nacional, con presencia en todas las regiones de Chile, para indagar en torno a sus percepciones acerca de la efectividad del proceso de aprendizaje y a las prácticas pedagógicas utilizadas por sus docentes para el desarrollo de competencias genéricas. Los resultados sugieren que su desarrollo depende principalmente de: (a) la base de las competencias que trae el estudiante al ingresar a la institución; (b) el grado de dominio de las competencias por parte del profesor, la explicitación de los objetivos de aprendizaje y el nivel de interés que logre despertar en los estudiantes; (c) lo significativo y desafiante de las actividades diseñadas para trabajar dichas competencias; y (d) su grado de contextualización al entorno laboral.
650 4 _aEducación superior
_932
653 0 _aCompetencias genéricas
653 0 _aFormación técnica
653 0 _aEstudio de caso
773 _gNo. 50 (2019 ), p. 143-179
_tCalidad en la educación
_x0717-4004
856 4 0 _uhttps://www.calidadenlaeducacion.cl/index.php/rce/article/view/725/545
902 _aRGJD/240123
_bRGJD/240123
905 _aArticulo
942 _cART-E
999 _c204007
_d204007